000 00774nam a22002297a 4500
003 OSt
005 20260316112603.0
008 260316b |||||||| |||| 00| 0 eng d
020 _a9780746062654
040 _aKenya National Library Service
082 _a232 AME
100 _aAmery, Heather
245 _aThe story of Jesus for young children /
_cHeather Amery ; illustrated by Norman Young.
300 _a98 pages :
_bcolour illustrations + 1 CD-ROM ;
_c19 cm
520 _aThe story of Jesus Christ
650 _aJesus Christ — Biography — Juvenile literature
650 _aBible stories — Juvenile literature
700 _aYoung, Norman
_eillustrator
942 _2ddc
_cBK
_n0
999 _c491479
_d491479